000 00396nam a2200181Ia 4500
003 0100
008 130303s9999 xx 000 0 und d
040 _cARRUPELIB
050 _aBF121.C693 CRU
100 _aCruchon Georges
245 _aDynamic Psychology
260 _aNew York
260 _bSheed and Ward
260 _C1965
300 _a278p.
300 _b 22cm
942 _2lcc
_01
999 _c63126
_d63126